Statistics for Analogies #7

Click here to take the quiz!

General Stats

  • This quiz has been taken 29,626 times
  • The average score is 13 of 20

Answer Stats

This is to this ... As ... % Correct
Bird is to FlockFish is to {School}
90%
Bible is to Christianity{Quran} is to Islam
86%
Circle is to SquareSphere is to {Cube}
86%
Cent is to DollarYear is to {Century}
82%
Garbage is to RubbishElevator is to {Lift}
76%
Pharaoh is to EgyptShogun is to {Japan}
76%
NH3 is to AmmoniaNaCl is to {Salt}
75%
Safari is to Apple{Chrome} is to Google
73%
Severus is to SnapeAlbus is to {Dumbledore}
67%
Gibraltar is to the
United Kingdom
Greenland is to
{Denmark}
65%
Carnival is to Rio de JaneiroOktoberfest is to {Munich}
64%
Ally McBeal is to LawyerJoey Tribbiani is to {Actor}
62%
Pretty Woman is to GereDirty Dancing is to {Swayze}
56%
Avocado is to Guacamole{Tomato} is to Gazpacho
53%
Lieberman is to GorePalin is to {McCain}
47%
Lufthansa is to Germany{Qantas} is to Australia
44%
Base 10 is to DecimalBase 2 is to {Binary}
39%
Potato is to IdahoApple is to {Washington}
38%
Chairperson is to Board{Foreman} is to Jury
36%
Arsenal is to LondonInternazionale is to {Milan}
35%

Score Distribution

Percentile by Number Answered

Percent of People with Each Score

Your Score History

You have not taken this quiz